| 000 | 01008nam a2200253Ia 4500 | ||
|---|---|---|---|
| 003 | OSt | ||
| 005 | 20220918110700.0 | ||
| 006 | a|||||r|||| 00| 0 | ||
| 007 | ta | ||
| 008 | 220915b |||||||| |||| 00| 0 hin d | ||
| 024 | _a205578 | ||
| 037 | _cReference Collections | ||
| 040 |
_aARTS _cARTS _bhin |
||
| 041 |
_2hin _ahin |
||
| 082 | _aP1511z, 152K1;K8(RR) | ||
| 100 |
_aसेन, सुकुमार _98964 |
||
| 245 | 0 | _aतुलनात्मक पालि-प्राकृत अपभ्रंश व्याकरण | |
| 246 | _aTulanātmak pāli-prākṛut apabhransha vyākaraṇa | ||
| 260 |
_aइलाहाबाद _bलोकभारती प्रका0 |
||
| 300 | _a216पृ0 | ||
| 700 |
_a लखेड़ा, महावीर प्रसाद _98965 |
||
| 942 |
_hP1511z, 152K1;K8(RR) _cREF |
||
| 999 |
_c113983 _d113983 |
||